000
00329nam a2200133Ia 4500
008
240624s9999 xx 000 0 und d
041
_a
eng
082
_a
332 JAC
100
_a
JACKEL PETER
245
_a
MONTE CARLO METHODS IN FINANCE
260
_c
2002
_a
England
_b
John Wiley and sons
300
_a
xv,222p. ; 25cm.
365
_c
999
_c
20703
_d
20703